000 00620nam a22001577a 4500
003 OSt
005 20150916164110.0
008 150916b xxu||||| |||| 00| 0 eng d
040 _cRUA
082 _aAGR SUO 1999 BOO25 Or.1
100 _9615
_aSUON, SINY
245 _aStudy on nutrition garden programme of iwad in battambang province,(ការសិក្សាកម្មវិធីសួនអាហាររូបត្ថម្ភរបស់អង្គការអាយដានៅខេត្តបាត់ដំបង).
260 _aphnom phen
_bRUA
_c1999
300 _a37p.
_bill.
_c29cm.
942 _2ddc
_cAGR
999 _c590
_d590